[Event "Ste Foy Morphy"]
[Site "Ste Foy"]
[Date "2019.02.16"]
[Round "1"]
[White "Desbiens, Raphael"]
[Black "Sarra Bournet, Marc"]
[Result "1-0"]
[WhiteElo "2201"]
[BlackElo "1852"]
[PlyCount "129"]
[EventDate "2019.02.16"]
[EventType "swiss"]
[EventRounds "5"]
[EventCountry "CAN"]
[SourceTitle "EXT 2022"]
[Source "ChessBase"]
[SourceDate "2021.10.06"]
[SourceVersion "1"]
[SourceVersionDate "2021.10.06"]
[SourceQuality "1"]

1. e4 e5 2. Nf3 Nc6 3. Bb5 a6 4. Ba4 Nf6 5. 0-0 Be7 6. d3 d6 7. c3 0-0 8. h3 h6 9. Qe2 Nh7 10. d4 b5 11. Bb3 Bf6 12. Bd5 Bb7 13. a4 b4 14. dxe5 dxe5 15. cxb4 Nd4 16. Nxd4 Bxd5 17. Nf3 Bb7 18. Nc3 Qd6 19. Qc4 Rfd8 20. Be3 c6 21. Bb6 Re8 22. Rfd1 Qe6 23. b3 Nf8 24. Rd2 Qc8 25. Rad1 Qe6 26. Bc5 Qxc4 27. bxc4 a5 28. Bxf8 Kxf8 29. b5 cxb5 30. Nxb5 Bxe4 31. Nc7 Rac8 32. Nxe8 Kxe8 33. Nxe5 Bxe5 34. Re2 Rxc4 35. Rde1 f5 36. f3 Bc3 37. Rb1 Rxa4 38. fxe4 fxe4 39. Rc2 Ra3 40. Rb7 Bd4+ 41. Kf1 Rc3 42. Rxc3 Bxc3 43. Ke2 Bd4 44. Rb5 Ke7 45. Rxa5 Ke6 46. Ra8 Kf5 47. Rf8+ Bf6 48. Ke3 h5 49. g3 g5 50. g4+ hxg4 51. hxg4+ Ke6 52. Kxe4 Be7 53. Ra8 Kf6 54. Ra6+ Kg7 55. Kf5 Kf7 56. Ra7 Kf8 57. Kg6 Ke8 58. Rxe7+ Kxe7 59. Kxg5 Kf7 60. Kh6 Kg8 61. Kg6 Kh8 62. g5 Kg8 63. Kh6 Kh8 64. g6 Kg8 65. g7 1-0

[Event "Ste Foy Euwe"]
[Site "Ste Foy"]
[Date "2019.01.19"]
[Round "2"]
[White "Desbiens, Raphael"]
[Black "Nafii, Adil"]
[Result "1-0"]
[WhiteElo "2167"]
[BlackElo "1590"]
[PlyCount "121"]
[EventDate "2019.01.12"]
[EventType "swiss"]
[EventRounds "5"]
[EventCountry "CAN"]
[SourceTitle "EXT 2022"]
[Source "ChessBase"]
[SourceDate "2021.10.06"]
[SourceVersion "1"]
[SourceVersionDate "2021.10.06"]
[SourceQuality "1"]

1. e4 c5 2. Nf3 Nc6 3. d4 cxd4 4. Nxd4 e5 5. Nb5 a6 6. Nd6+ Bxd6 7. Qxd6 Qf6 8. Qd1 Qg6 9. f3 Nf6 10. Nc3 0-0 11. Be3 Rd8 12. Bb6 Re8 13. Qd2 Ne7 14. Qd6 Nc6 15. 0-0-0 Re6 16. Qd2 Ne7 17. Bc5 b6 18. Bd6 Ne8 19. Ba3 b5 20. Bc5 Nc6 21. Nd5 Bb7 22. h4 d6 23. h5 Qh6 24. Be3 g5 25. Bxg5 Qf8 26. Rh4 Kh8 27. Nb6 h6 28. Be3 Rd8 29. Nd5 Ne7 30. Bxh6 Qxh6 31. Qxh6+ Rxh6 32. Nxe7 Ng7 33. g4 Rd7 34. Nd5 Bxd5 35. Rxd5 Rf6 36. Rh3 Rf4 37. Rg3 f6 38. Kd2 Ne6 39. Ke3 Ng5 40. Be2 Kh7 41. Rg1 b4 42. Rgd1 Nf7 43. Bxa6 f5 44. Bc8 Rc7 45. Bxf5+ Kh6 46. R1d2 Kg5 47. Be6 Kh4 48. Bxf7 Rcxf7 49. Rf2 Kg3 50. Rxd6 Rxf3+ 51. Rxf3+ Rxf3+ 52. Ke2 Rf2+ 53. Kd3 Rf3+ 54. Kc4 Rf4 55. Kd5 Kf3 56. g5 Rxe4 57. h6 Rh4 58. g6 e4 59. g7 Rh5+ 60. Kd4 Rh4 61. g8Q 1-0

[Event "Quebec Montcalm op 3 2018-19"]
[Site "Quebec"]
[Date "2018.12.06"]
[Round "4"]
[White "Desbiens, Raphael"]
[Black "Sarra Bournet, Marc"]
[Result "1-0"]
[WhiteElo "2149"]
[BlackElo "1838"]
[PlyCount "67"]
[EventDate "2018.11.15"]
[EventType "swiss"]
[EventRounds "5"]
[EventCountry "CAN"]
[SourceTitle "EXT 2022"]
[Source "ChessBase"]
[SourceDate "2021.10.06"]
[SourceVersion "1"]
[SourceVersionDate "2021.10.06"]
[SourceQuality "1"]

1. e4 e5 2. Nf3 Nc6 3. Bb5 a6 4. Ba4 Nf6 5. 0-0 Be7 6. Re1 b5 7. Bb3 d6 8. c3 0-0 9. h3 Na5 10. Bc2 c5 11. d4 Qc7 12. Nbd2 Bd7 13. Nf1 Rac8 14. Re2 b4 15. cxb4 cxb4 16. Bd3 Bb5 17. Rc2 Qb8 18. b3 Rc3 19. Rxc3 bxc3 20. Ba3 Nc6 21. d5 Nb4 22. Bxb4 Bxd3 23. Bxd6 Bxd6 24. Qxd3 Qb7 25. Ng3 Rc8 26. Rc1 Qc7 27. Qxa6 c2 28. Ne1 Qc3 29. Qe2 Qd4 30. Rxc2 Rc3 31. Nf5 Qxe4 32. Qxe4 Nxe4 33. Rxc3 Nxc3 34. Nxd6 1-0

[Event "Ste Foy Fischer"]
[Site "Ste Foy"]
[Date "2018.11.10"]
[Round "5"]
[White "Desbiens, Raphael"]
[Black "Sarra Bournet, Marc"]
[Result "1-0"]
[WhiteElo "2207"]
[BlackElo "1872"]
[PlyCount "45"]
[EventDate "2018.10.13"]
[EventType "swiss"]
[EventRounds "5"]
[EventCountry "CAN"]
[SourceTitle "EXT 2022"]
[Source "ChessBase"]
[SourceDate "2021.10.06"]
[SourceVersion "1"]
[SourceVersionDate "2021.10.06"]
[SourceQuality "1"]

1. e4 e5 2. Nf3 Nc6 3. Bc4 Bc5 4. b4 Bxb4 5. c3 Ba5 6. d4 exd4 7. 0-0 Nf6 8. e5 Ne4 9. cxd4 0-0 10. d5 Ne7 11. Qd4 Nxf2 12. Qxf2 Nf5 13. Kh1 Bb6 14. Qc2 d6 15. Bd3 g6 16. Nc3 dxe5 17. Nxe5 Qh4 18. Bf4 Be3 19. Bxe3 Nxe3 20. Qf2 Qd4 21. Nxf7 Kg7 22. Nb5 Qb6 23. Qb2+ 1-0

[Event "Ste Foy Botwinnik"]
[Site "Ste Foy"]
[Date "2018.09.29"]
[Round "4"]
[White "Laflamme, Simon"]
[Black "Desbiens, Raphael"]
[Result "0-1"]
[WhiteElo "1948"]
[BlackElo "2175"]
[PlyCount "32"]
[EventDate "2018.09.08"]
[EventType "swiss"]
[EventRounds "5"]
[EventCountry "CAN"]
[SourceTitle "EXT 2022"]
[Source "ChessBase"]
[SourceDate "2021.10.06"]
[SourceVersion "1"]
[SourceVersionDate "2021.10.06"]
[SourceQuality "1"]

1. d4 Nf6 2. c4 g6 3. f3 d5 4. cxd5 Nxd5 5. e4 Nb6 6. Nc3 Bg7 7. Be3 0-0 8. Qd2 Nc6 9. Rd1 Qd6 10. e5 Qb4 11. Nb5 Nd5 12. Nc3 Nxe3 13. Qxe3 Qxb2 14. Rb1 Bh6 15. f4 Bxf4 16. Qf3 Qd2# 0-1

[Event "Quebec Montcalm op 1 2018-19"]
[Site "Quebec"]
[Date "2018.09.06"]
[Round "1"]
[White "Desbiens, Raphael"]
[Black "Lapierre, Gaetan"]
[Result "1-0"]
[WhiteElo "2175"]
[BlackElo "1775"]
[PlyCount "71"]
[EventDate "2018.09.06"]
[EventType "swiss"]
[EventRounds "5"]
[EventCountry "CAN"]
[SourceTitle "EXT 2022"]
[Source "ChessBase"]
[SourceDate "2021.10.06"]
[SourceVersion "1"]
[SourceVersionDate "2021.10.06"]
[SourceQuality "1"]

1. e4 d6 2. d4 Nf6 3. Nc3 c5 4. dxc5 Qa5 5. Bd3 Qxc5 6. Be3 Qa5 7. f4 Ng4 8. Bb5+ Nc6 9. Qd5 Bd7 10. Bxc6 Qxd5 11. Bxd7+ Kxd7 12. Nxd5 e6 13. h3 exd5 14. hxg4 dxe4 15. c4 Rc8 16. Rc1 b6 17. Nh3 Be7 18. Ke2 Bf6 19. b3 h6 20. Rhd1 g6 21. Bd4 Bxd4 22. Rxd4 f5 23. Nf2 Ke6 24. Rcd1 fxg4 25. Rxe4+ Kd7 26. Nxg4 Kc6 27. Re6 Rcd8 28. Ne5+ Kc5 29. Nf7 Rde8 30. Rdxd6 Rhf8 31. Rd5+ Kb4 32. Rxe8 Rxe8+ 33. Ne5 g5 34. f5 Rf8 35. Nd7 Rf7 36. f6 1-0

[Event "Ste Foy CC-ch"]
[Site "Ste Foy"]
[Date "2018.05.27"]
[Round "5"]
[White "Sarra Bournet, Marc"]
[Black "Desbiens, Raphael"]
[Result "1-0"]
[WhiteElo "1854"]
[BlackElo "2040"]
[PlyCount "67"]
[EventDate "2018.05.12"]
[EventType "tourn"]
[EventRounds "5"]
[EventCountry "CAN"]
[SourceTitle "EXT 2022"]
[Source "ChessBase"]
[SourceDate "2021.10.06"]
[SourceVersion "1"]
[SourceVersionDate "2021.10.06"]
[SourceQuality "1"]

1. e4 e5 2. Nf3 Nc6 3. Bb5 Nf6 4. 0-0 Nxe4 5. Qe2 Nd6 6. Bxc6 dxc6 7. Qxe5+ Qe7 8. d4 Be6 9. Re1 h6 10. b3 0-0-0 11. Ba3 Qd7 12. c4 Bg4 13. Nbd2 Qf5 14. h3 Bxf3 15. Nxf3 Qg6 16. Qf4 Nf5 17. Bxf8 Rhxf8 18. Re5 Nd6 19. Rae1 f6 20. Re7 Qf5 21. Qg3 g5 22. c5 Ne8 23. R1e4 Kb8 24. Nd2 Rc8 25. Qe3 Qg6 26. Qc3 Ng7 27. d5 cxd5 28. Rb4 Nf5 29. Rd7 Rf7 30. Rxd5 c6 31. Rd3 Ne7 32. Rd7 Rc7 33. Qg3 Nd5 34. Rd8# 1-0

[Event "Ste Foy Petrosian"]
[Site "Ste Foy"]
[Date "2018.04.07"]
[Round "1"]
[White "Chabot, Michelin"]
[Black "Desbiens, Raphael"]
[Result "0-1"]
[WhiteElo "1577"]
[BlackElo "2034"]
[PlyCount "56"]
[EventDate "2018.04.07"]
[EventType "swiss"]
[EventRounds "5"]
[EventCountry "CAN"]
[SourceTitle "EXT 2022"]
[Source "ChessBase"]
[SourceDate "2021.10.06"]
[SourceVersion "1"]
[SourceVersionDate "2021.10.06"]
[SourceQuality "1"]

1. d4 Nf6 2. c4 g6 3. Nc3 d5 4. e3 Bg7 5. Nf3 0-0 6. Be2 c5 7. 0-0 cxd4 8. exd4 Nc6 9. Be3 Bf5 10. a3 Rc8 11. c5 Ne4 12. Nh4 Nxc3 13. bxc3 Bd7 14. f4 e5 15. Nf3 exd4 16. cxd4 Bf5 17. h3 b6 18. Rc1 Qe7 19. Bf2 bxc5 20. Ba6 Rc7 21. Re1 Be4 22. Nd2 Nxd4 23. Nxe4 dxe4 24. Bc4 Re8 25. Bd5 Qd6 26. Bxe4 Qxf4 27. Bd5 Rxe1+ 28. Qxe1 Qxc1 0-1

[Event "Ste Foy Morphy"]
[Site "Ste Foy"]
[Date "2018.02.17"]
[Round "1"]
[White "Desbiens, Raphael"]
[Black "Stoyanova, Stela"]
[Result "1-0"]
[WhiteElo "2034"]
[BlackElo "1628"]
[PlyCount "55"]
[EventDate "2018.02.17"]
[EventType "swiss"]
[EventRounds "5"]
[EventCountry "CAN"]
[SourceTitle "EXT 2022"]
[Source "ChessBase"]
[SourceDate "2021.10.06"]
[SourceVersion "1"]
[SourceVersionDate "2021.10.06"]
[SourceQuality "1"]

1. e4 e5 2. Nf3 Nc6 3. Bb5 d6 4. d4 Bd7 5. Nc3 Nf6 6. 0-0 h6 7. Bxc6 bxc6 8. dxe5 dxe5 9. Nxe5 Bd6 10. Nxd7 Nxd7 11. Be3 0-0 12. f4 Bc5 13. Qf3 Qe7 14. Rad1 Bxe3+ 15. Qxe3 Rfe8 16. Rd4 Nb6 17. Rfd1 Qf6 18. e5 Qg6 19. Qe4 Qxe4 20. Nxe4 Nd5 21. Nc5 Rab8 22. c4 Ne3 23. R1d2 Nf5 24. Rd7 g5 25. Ne4 Kg7 26. Nf6 Re7 27. Rd8 Rxd8 28. Rxd8 1-0

[Event "Ste Foy Euwe"]
[Site "Ste Foy"]
[Date "2018.01.20"]
[Round "2"]
[White "Desbiens, Raphael"]
[Black "Bernatchez, Dan"]
[Result "1-0"]
[WhiteElo "1978"]
[BlackElo "1921"]
[PlyCount "67"]
[EventDate "2018.01.13"]
[EventType "swiss"]
[EventRounds "5"]
[EventCountry "CAN"]
[SourceTitle "EXT 2022"]
[Source "ChessBase"]
[SourceDate "2021.10.06"]
[SourceVersion "1"]
[SourceVersionDate "2021.10.06"]
[SourceQuality "1"]

1. e4 g6 2. d4 Bg7 3. Nf3 c5 4. d5 a6 5. a4 d6 6. h3 e6 7. Bc4 exd5 8. Qxd5 Qe7 9. Ng5 Nh6 10. Bf4 Be5 11. Bxe5 Qxe5 12. Qxe5+ dxe5 13. Nc3 0-0 14. 0-0-0 Nc6 15. Nd5 Na5 16. Nb6 Rb8 17. Ba2 Kg7 18. Nxc8 Rfxc8 19. Rd7 c4 20. Rhd1 b5 21. R1d5 Nc6 22. c3 b4 23. Bxc4 bxc3 24. b3 Nb4 25. Rxe5 Rxc4 26. Nxf7 Nxf7 27. Ree7 Kh6 28. f4 Ng5 29. g4 Nc6 30. fxg5+ Kxg5 31. Rd5+ Kf6 32. Rc7 Na5 33. bxc4 Rb2 34. Rxa5 1-0

[Event "Ste Foy Tal"]
[Site "Ste Foy"]
[Date "2017.12.02"]
[Round "2"]
[White "Desbiens, Raphael"]
[Black "Sarra Bournet, Marc"]
[Result "1-0"]
[WhiteElo "1956"]
[BlackElo "1863"]
[PlyCount "87"]
[EventDate "2017.11.25"]
[EventType "swiss"]
[EventRounds "5"]
[EventCountry "CAN"]
[SourceTitle "EXT 2022"]
[Source "ChessBase"]
[SourceDate "2021.10.06"]
[SourceVersion "1"]
[SourceVersionDate "2021.10.06"]
[SourceQuality "1"]

1. e4 e5 2. Nf3 Nc6 3. Bb5 a6 4. Ba4 Nf6 5. 0-0 b5 6. Bb3 Be7 7. d4 exd4 8. e5 Ne4 9. Bd5 Nc5 10. Nxd4 Bb7 11. Nf5 0-0 12. Nc3 Ne6 13. f4 Rb8 14. Qg4 g6 15. Ne4 Nxe5 16. fxe5 Bxd5 17. Nxe7+ Qxe7 18. Nf6+ Kh8 19. Nxd5 Qc5+ 20. Ne3 Nd4 21. Rf2 Qxe5 22. Bd2 Kg8 23. Re1 Qc5 24. Bc3 Ne6 25. Rf5 Qb6 26. Kh1 b4 27. Bf6 Rfe8 28. Nd5 Ng7 29. Rfe5 Rxe5 30. Rxe5 Qd6 31. Bxg7 Kxg7 32. Qd4 f6 33. Re7+ Kf8 34. Rxh7 Rb5 35. Qe3 g5 36. Qh3 Qxd5 37. Qh6+ Ke8 38. Qg6+ Kd8 39. Rh8+ Ke7 40. Re8+ Kd6 41. Qxf6+ Qe6 42. Rxe6+ dxe6 43. Kg1 Rf5 44. Qd4+ 1-0

[Event "Ste Foy Fischer"]
[Site "Ste Foy"]
[Date "2017.11.11"]
[Round "5"]
[White "Lemire Paquin, Alexandre"]
[Black "Desbiens, Raphael"]
[Result "1-0"]
[WhiteElo "2071"]
[BlackElo "1932"]
[PlyCount "61"]
[EventDate "2017.10.14"]
[EventType "swiss"]
[EventRounds "5"]
[EventCountry "CAN"]
[SourceTitle "EXT 2022"]
[Source "ChessBase"]
[SourceDate "2021.10.06"]
[SourceVersion "1"]
[SourceVersionDate "2021.10.06"]
[SourceQuality "1"]

1. e4 e5 2. Bc4 Nf6 3. d3 c6 4. Nf3 d5 5. Bb3 dxe4 6. Ng5 Bg4 7. Bxf7+ Ke7 8. f3 exf3 9. gxf3 Bf5 10. Bb3 Nd5 11. Qe2 Kf6 12. Ne4+ Bxe4 13. fxe4 Nf4 14. Bxf4 exf4 15. e5+ Ke7 16. Qe4 Ke8 17. Qxf4 Be7 18. Qf7+ Kd7 19. Nc3 Qf8 20. Qe6+ Kc7 21. 0-0-0 Bg5+ 22. Kb1 Qe7 23. Qd6+ Qxd6 24. exd6+ Kd7 25. Rhf1 Bf6 26. Ne4 Rf8 27. Rf2 Na6 28. Rdf1 Rae8 29. c3 b6 30. Bd1 c5 31. Ba4+ 1-0

[Event "Ste Foy Botwinnik"]
[Site "Ste Foy"]
[Date "2017.09.23"]
[Round "3"]
[White "Desbiens, Raphael"]
[Black "Laflamme, Simon"]
[Result "0-1"]
[WhiteElo "1936"]
[BlackElo "1805"]
[PlyCount "106"]
[EventDate "2017.09.09"]
[EventType "swiss"]
[EventRounds "5"]
[EventCountry "CAN"]
[SourceTitle "EXT 2022"]
[Source "ChessBase"]
[SourceDate "2021.10.06"]
[SourceVersion "1"]
[SourceVersionDate "2021.10.06"]
[SourceQuality "1"]

1. e4 Nf6 2. e5 Nd5 3. d4 d6 4. c4 Nb6 5. f4 dxe5 6. fxe5 Nc6 7. Be3 Bf5 8. Nf3 e6 9. Nc3 Be7 10. Be2 0-0 11. 0-0 f6 12. exf6 Bxf6 13. Qd2 Qe7 14. a4 Na5 15. Qd1 Nbxc4 16. Bc1 Qb4 17. Na2 Qb3 18. Qe1 Nc6 19. Bf4 Nxd4 20. Bxc4 Nxf3+ 21. Rxf3 Qxc4 22. Nc3 Bg4 23. Rf1 Bxc3 24. Qxc3 Rxf4 25. Rxf4 Qxf4 26. Rf1 Qd6 27. h3 Bf5 28. a5 Rd8 29. Qf3 Qd5 30. Qh5 Qc5+ 31. Kh1 Qb5 32. Rd1 Rxd1+ 33. Qxd1 Qd5 34. Qh5 g6 35. Qh4 Be4 36. Qg3 Qd1+ 37. Kh2 Qd6 38. Qxd6 cxd6 39. Kg3 Kf7 40. b4 Kf6 41. Kf4 Bxg2 42. Ke3 Bxh3 43. Kf2 Ke5 44. b5 Kd4 45. b6 axb6 46. axb6 Kc3 47. Kg1 d5 48. Kf2 d4 49. Kg3 d3 50. Kf2 d2 51. Ke3 d1Q 52. Kf2 Bg4 53. Ke3 Qd4# 0-1

[Event "Quebec op U2000"]
[Site "Ste Foy"]
[Date "2017.08.16"]
[Round "6.21"]
[White "Tinica, Gabriel"]
[Black "Desbiens, Raphael"]
[Result "1-0"]
[WhiteElo "1880"]
[BlackElo "1954"]
[PlyCount "65"]
[EventDate "2017.08.12"]
[EventType "swiss"]
[EventRounds "9"]
[EventCountry "CAN"]
[SourceTitle "EXT 2022"]
[Source "ChessBase"]
[SourceDate "2021.10.06"]
[SourceVersion "1"]
[SourceVersionDate "2021.10.06"]
[SourceQuality "1"]

1. d4 Nf6 2. c4 g6 3. Nc3 d5 4. cxd5 Nxd5 5. e4 Nxc3 6. bxc3 Bg7 7. Bc4 c5 8. Ne2 Nc6 9. Be3 0-0 10. 0-0 Qc7 11. Rc1 Rd8 12. h3 b6 13. f4 Na5 14. Bd3 f5 15. exf5 Bxf5 16. Bxf5 gxf5 17. Ng3 e6 18. Nh5 Nc4 19. Bf2 cxd4 20. Nxg7 Qxg7 21. Bxd4 Ne3 22. Qf3 Qxg2+ 23. Qxg2+ Nxg2 24. Kxg2 Kf7 25. Kf3 b5 26. Rg1 b4 27. Rg7+ Kf8 28. Rcg1 Rac8 29. cxb4 h5 30. Bc5+ Ke8 31. Re7+ Kf8 32. Rxa7+ Ke8 33. Rg8# 1-0

[Event "Ste Foy CC Jeudi 2"]
[Site "Ste Foy"]
[Date "2017.07.13"]
[Round "2"]
[White "Desbiens, Raphael"]
[Black "Lessard, Claude"]
[Result "0-1"]
[WhiteElo "1813"]
[BlackElo "2178"]
[PlyCount "102"]
[EventDate "2017.07.06"]
[EventType "swiss"]
[EventRounds "5"]
[EventCountry "CAN"]
[SourceTitle "EXT 2022"]
[Source "ChessBase"]
[SourceDate "2021.10.06"]
[SourceVersion "1"]
[SourceVersionDate "2021.10.06"]
[SourceQuality "1"]

1. e4 g6 2. d4 Bg7 3. Nf3 d6 4. Nc3 Nf6 5. Bc4 c6 6. 0-0 b5 7. Bd3 0-0 8. a3 Nbd7 9. e5 dxe5 10. dxe5 Ng4 11. Be4 Qb6 12. Qe2 Nc5 13. h3 Nxe4 14. Qxe4 Nh6 15. Be3 Qb7 16. Bc5 Bf5 17. Qe2 a5 18. Rfd1 Be6 19. g4 Rfd8 20. Nd4 Bc4 21. Qe4 Rac8 22. Rd2 Qc7 23. Re1 f6 24. exf6 exf6 25. Ne6 Bxe6 26. Qxe6+ Nf7 27. Rxd8+ Rxd8 28. Qe7 Qxe7 29. Rxe7 Bf8 30. Ne4 Bxe7 31. Bxe7 Rd1+ 32. Kg2 f5 33. Nf6+ Kh8 34. f4 fxg4 35. hxg4 Rd2+ 36. Kg3 Rxc2 37. Ne4 Kg7 38. Bc5 h6 39. Kf3 a4 40. Bb4 h5 41. Be7 hxg4+ 42. Kxg4 Nh6+ 43. Kf3 Nf5 44. Bf6+ Kf7 45. Bc3 Ke6 46. Nf2 Kd5 47. Nd3 c5 48. Ne5 Nd4+ 49. Ke3 Re2+ 50. Kd3 c4+ 51. Nxc4 bxc4# 0-1